[Event "Viljandi Raud Memorial 57th"]
[Site "Viljandi"]
[Date "2023.07.06"]
[Round "6"]
[White "Raag, Ardi"]
[Black "Tiisler, Ander"]
[Result "1/2-1/2"]
[WhiteElo "2077"]
[BlackElo "1298"]
[PlyCount "55"]
[EventDate "2023.07.02"]
[EventType "swiss"]
[EventRounds "9"]
[EventCountry "EST"]
[SourceTitle "CBM 215 Extra"]
[Source "ChessBase"]
[SourceDate "2023.09.30"]
[SourceVersion "1"]
[SourceVersionDate "2023.09.30"]
[SourceQuality "1"]

1. e4 c5 2. c3 e6 3. d4 d5 4. e5 Nc6 5. Nf3 a6 6. Bd3 Nge7 7. dxc5 Ng6 8. Bxg6 hxg6 9. b4 Bd7 10. 0-0 a5 11. Qb3 axb4 12. cxb4 b6 13. Be3 bxc5 14. bxc5 Rb8 15. Qc3 Be7 16. Nbd2 Qc7 17. Nb3 Rb4 18. Rfc1 Re4 19. g3 f6 20. Qc2 Nxe5 21. Nxe5 Qxe5 22. c6 Bc8 23. Qd1 Rxe3 24. fxe3 Qxe3+ 25. Kg2 Qe4+ 26. Kg1 Qe3+ 27. Kg2 Qe4+ 28. Kg1 1/2-1/2